|
|
|
|
| LEADER |
00968nab a2200277 i 4500 |
| 001 |
publ31707 |
| 005 |
20250303092134.0 |
| 008 |
250303s1997 hu o 000 eng d |
| 022 |
|
|
|a 0250-7005
|
| 024 |
7 |
|
|a 1879396
|2 mtmt
|
| 040 |
|
|
|a SZTE Publicatio Repozitórium
|b hun
|
| 041 |
|
|
|a eng
|
| 100 |
1 |
|
|a Wuonola Mark A.
|
| 245 |
1 |
4 |
|a The in vitro antitumor assay of ''half-mustard type'' phenothiazines in screens of AIDS-related leukemia and lymphomas
|h [elektronikus dokumentum] /
|c Wuonola Mark A.
|
| 260 |
|
|
|c 1997
|
| 300 |
|
|
|a 3425-3429
|
| 490 |
0 |
|
|a ANTICANCER RESEARCH
|v 17 No. 5A
|
| 650 |
|
4 |
|a Biológiai tudományok
|
| 650 |
|
4 |
|a Általános orvostudomány
|
| 650 |
|
4 |
|a Klinikai orvostan
|
| 700 |
0 |
1 |
|a Palfreyman Michael G.
|e aut
|
| 700 |
0 |
1 |
|a Motohashi Noboru
|e aut
|
| 700 |
0 |
1 |
|a Kawase Masami
|e aut
|
| 700 |
0 |
1 |
|a Gabay Sabit
|e aut
|
| 700 |
0 |
1 |
|a Molnár József
|e aut
|
| 856 |
4 |
0 |
|u http://publicatio.bibl.u-szeged.hu/31707/1/aok_klny_260_97.pdf
|z Dokumentum-elérés
|